000 00778nam a2200229Ii 4500
003 JO-AjNU
008 230605s9999||||xx |||||||||||||| ||und||
017 _a2001/1/118
040 _aJO-AjNU
_bara
_erda
_cJO-AjNU
041 _aara
050 1 4 _aBJ1678.A7.A92.2001
100 3 _aالعودات، يعقوب,
_eauthor
_945366
245 0 0 _aرسائل الى ولدي خالد :يعقوب العودات البدوي الملثم
250 _aط2
264 3 1 _aعمان:وزارة الثقافة ،2001
300 _a115ص
336 _atext
_btxt
_2rdacontent
337 _aunmediated
_bn
_2rdamedia
338 _avolume
_bnc
_2rdacarrier
490 0 _aسلسلة كتب ثقافية تصدرها وزارة الثقافة
650 4 _aالشباب-السلوك
_945367
999 _aA19659
_c23227
_d23227